| 000 | 00441cam a22001457a 4500 | ||
|---|---|---|---|
| 008 | 180718b2002 xxu||||| |||| 00| 0 eng d | ||
| 020 | _a1885228473 | ||
| 082 | _aT33 H262 | ||
| 100 | _aHarvey, Eric | ||
| 245 |
_aEthics 4 everyone: the handbook for integrity-based business practices _cby Eric Harvey and Scott Airitam |
||
| 260 |
_aDallas _bWalk The Talk _c2002 |
||
| 300 | _a45p. | ||
| 650 | _aBusiness --Ethics | ||
| 700 | _aAiritam, Scott | ||
| 999 |
_c494941 _d494941 |
||